000 00343 a2200109 4500
001 ART_48667
005 20260410162033.0
008 260409a
245 1 0 _aCine. Obreros, técnicos y administrativos. CCT 235/1975. CABA
100 1 _aGodoy, Laura M.
773 0 _tLiquidación de sueldos
_g- N° 155 (abr. 2019)
_wREV44399
999 _c34152
_d34152